00486nam a2200193 a 4500001001300000003000900013005001700022008004100039020001000080082001600090100002700106245001900133260003000152300000900182500003500191505001800226650002100244700002700265nice12345678IN_TiNIC20260116011809.0050524s1871 boma grp 000 0 per  ac10000a891.58bPIR aPirzadah S, Ashraf Ali aAshraful Insha aBombaybMatba Hydric1871 a168p aincludes index and biblioraphy2 aVols. 2 and 3 aPersian Rhetoric1 aPirzadah S, Ashraf Ali